Normal view
MARC view
- Strauss, Patrick
Entry Personal Name
001 - CONTROL NUMBER
- control field: 5588
003 - CONTROL NUMBER IDENTIFIER
- control field: JO-AjAnu
005 - DATE AND TIME OF LATEST TRANSACTION
- control field: 20230606071216.0
008 - FIXED-LENGTH DATA ELEMENTS
- fixed length control field: 230606|| aca||aabn | a|a d
040 ## - CATALOGING SOURCE
- Original cataloging agency: JO-AjAnu
- Transcribing agency: JO-AjAnu
100 ## - HEADING--PERSONAL NAME
- Personal name: Strauss, Patrick
670 ## - SOURCE DATA FOUND
- Source citation: Work cat.: (JO-AjAnu)2890: Strauss, Patrick, author, Isolation and Involvement: An Interpretive History of American Diplomacy